The small holding /

Bibliographic Details
Main Author: Green, F. E. (Frederick Ernest), 1867-1922
Format: Book
Language:English
Published: London : J. Lane, [pref. 1908]
Subjects:

MARC

Tag First Indicator Second Indicator Subfields
LEADER 00000cam a2200000 4500
001 in00000041497
005 20151007074556.0
008 790402s1908 enkaf b 00010 eng
010 |a  09003090  
035 |a (OCoLC)04812645 
035 |9 AAF1747AM 
040 |a DLC  |c KKU  |d TXA  |d UtOrBLW 
049 |a TXAM  |c [9194] 
050 0 0 |a S513  |b .G8 
092 |a 630.942  |b G795s 
100 1 |a Green, F. E.  |q (Frederick Ernest),  |d 1867-1922. 
245 1 4 |a The small holding /  |c by F. E. Green. 
264 1 |a London :  |b J. Lane,  |c [pref. 1908] 
300 |a 1 leaf, 121 pages, 1 unnumbered page :  |b illustrations, plates, diagrams ;  |c 17 cm. 
336 |a text  |b txt  |2 rdacontent 
337 |a unmediated  |b n  |2 rdamedia 
338 |a sheet  |b nb  |2 rdacarrier 
504 |a "Brief list of books concerning small holdings": pages 118-120. 
650 0 |a Agriculture  |z England. 
650 0 |a Agriculture  |x Economic aspects. 
999 |a MARS 
999 f f |s 47d5a3fd-5974-36d7-8c78-fc819539e5db  |i 99804340-4671-37da-80d6-67cdcc0a7ab2  |t 0 
952 f f |p ric  |a Texas A&M University  |b Rellis Campus  |c Joint Library Facility  |d Remote Storage  |t 0  |e S513 .G8  |h Library of Congress classification  |i unmediated -- sheet  |m A14801057536 
998 f f |a S513 .G8  |t 0  |l Remote Storage